000 00280nam a22001337a 4500
008 170615b xxu||||| |||| 00| 0 eng d
020 _a0688079962
041 _aeng
080 _a32
100 _a20
101 _aSHP
245 _aYEARS OF INFAMY
_cWEGLYN, M
942 _2udc
_cBK
999 _c17657
_d17657